|
|
|
|
| LEADER |
00000nam0a2200000 4500 |
| 001 |
255981 |
| 005 |
20231101233056.0 |
| 035 |
|
|
|a (RuTPU)RU\TPU\book\278614
|
| 090 |
|
|
|a 255981
|
| 100 |
|
|
|a 20140403d1987 k y0rusy50 ca
|
| 101 |
0 |
|
|a rus
|
| 102 |
|
|
|a RU
|
| 105 |
|
|
|a a z 001zy
|
| 200 |
1 |
|
|a Геология и геохимия нефтеносных отложений
|e сборник статей
|f под ред. С. С. Эллерна
|
| 210 |
|
|
|a Казань
|c Изд-во Казанского ун-та
|d 1987
|
| 215 |
|
|
|a 192 с.
|c ил.
|
| 320 |
|
|
|a Библиография в конце статей
|
| 606 |
1 |
|
|a Месторождения углеводородов
|2 stltpush
|3 (RuTPU)RU\TPU\subj\42254
|9 61941
|
| 606 |
1 |
|
|a Нефтегазоносные отложения
|x Геохимия
|2 stltpush
|3 (RuTPU)RU\TPU\subj\45626
|9 64819
|
| 610 |
1 |
|
|a геология
|
| 610 |
1 |
|
|a геохимия
|
| 610 |
1 |
|
|a нефтеносные отложения
|
| 610 |
1 |
|
|a нефтебитумоносные месторождения
|
| 610 |
1 |
|
|a структура
|
| 610 |
1 |
|
|a вещественный состав
|
| 610 |
1 |
|
|a катагенез
|
| 610 |
1 |
|
|a органические вещества
|
| 675 |
|
|
|a 553.98
|v 3
|
| 675 |
|
|
|a 553.98:550.4
|v 3
|
| 702 |
|
1 |
|a Эллерн
|b С. С.
|4 340
|
| 801 |
|
1 |
|a RU
|b 63413507
|c 20140403
|
| 801 |
|
2 |
|a RU
|b 63413507
|c 20141029
|g RCR
|
| 942 |
|
|
|c BK
|